01005nam a2200241Ia 450000100060000000300090000600800410001504000130005604000130006904100130008210000180009510000290011324500870014224500590022925000110028826000120029926000240031126000490033530000580038450002630044265000270070565000310073212693IT-RoPAU130308s9999 xx 000 0 und d aIT-RoPAU cIT-RoPAU aITALIANO aAjassa Matteo gCodice Aut. SPICS: 10044 aAppunti per una pedagogia audiovisiva con particolare riferimento alla televisione bProgrammazione tecnologica e Processi di Comunicazione a1a ed. aBOLOGNA bEnte Autonomo Fiere c1972 [1° Ed.:1972 - Ed.Ling.Originale:1972] a"10 p. (prefazione: no ; testo: 10 [pagine: 93-102])" aComunicazione e Progresso Umano Civiltà grafica e Audiovisiva Televisione e Dinamica Educativa incontro con Il Messaggio Televisivo Scuola e Televisione Televisione Didattica Traguardo della partecipazione Mediazione Pedagogica Strategia coordinata Impegno aISTRUZIONE PROGRAMMATA eCodice materia Spics: 4003